000 01003nam a2200241 a 4500
001 BRCA_6015
005 20190320205312.0
008 010411s1922----gw-#######---#000-0#ger-#
041 _ager
044 _agw
050 4 _aN40
_b.M85 1922
100 1 _aMüller, Hermann Alexander
_d1814-1894
_915188
245 1 0 _aAllgemeines Künstler-Lexikon
_bLeben und Werke der berühmtesten bildenden Künstler
_cvorbereitet von Hermann Alexander Müller ; herausgegeben von Hans Wolfgang Singer.
260 _aFrankfurt am Main
_bLiterarische Anst. Rütten und Loening
_c1922
300 _a6 v.
_c24 cm.
500 _aEstado físico: presentan lomos desprendidos el v.1, v.3 y v.6
500 _aG111
501 _aContenido : v.1. Aachen-Fyt. -- v.2. Gaab-Lezla. -- v.3. Lhérie-Quittry. -- v.4. Raab - Vezzo. -- v.5. Vialle - Zyrlein. -- v.6. Zweiter Nachtrag mit Berichtungen
650 1 4 _aArtistas
_vDiccionarios
_96076
700 1 _aSinger, Hans Wolfgang
_eEditor
_97397
902 _aGFM
942 _2lcc
_cB
999 _c5704
_d5704